Understanding the light microscope : (Record no. 8720)

MARC details
000 -LEADER
fixed length control field 01198cam a22003014a 4500
001 - CONTROL NUMBER
control field 202056
003 - CONTROL NUMBER IDENTIFIER
control field OSt
005 - DATE AND TIME OF LATEST TRANSACTION
control field 20240624101728.0
008 - FIXED-LENGTH DATA ELEMENTS--GENERAL INFORMATION
fixed length control field 990308s1999 caua b 001 0 eng
010 ## - LIBRARY OF CONGRESS CONTROL NUMBER
LC control number 99061700
020 ## - INTERNATIONAL STANDARD BOOK NUMBER
International Standard Book Number 0122886607
040 ## - CATALOGING SOURCE
Original cataloging agency DLC
Transcribing agency must
Modifying agency DLC
042 ## - AUTHENTICATION CODE
Authentication code pcc
050 00 - LIBRARY OF CONGRESS CALL NUMBER
Classification number QH201
Item number .G65 1999
082 00 - DEWEY DECIMAL CLASSIFICATION NUMBER
Classification number 5o2.82 GOL 1999
Edition number 21
100 1# - MAIN ENTRY--PERSONAL NAME
Personal name Goldstein, D. J.
Fuller form of name (Dan J.)
9 (RLIN) 17628
245 10 - TITLE STATEMENT
Title Understanding the light microscope :
Remainder of title a computer-aided introduction /
Statement of responsibility, etc. D.J. Goldstein.
260 ## - PUBLICATION, DISTRIBUTION, ETC. (IMPRINT)
Place of publication, distribution, etc. San Diego :
Name of publisher, distributor, etc. Academic Press,
Date of publication, distribution, etc. c1999.
300 ## - PHYSICAL DESCRIPTION
Extent xvii, 192 p. :
Other physical details ill. ;
Dimensions 23 cm. +
Accompanying material 1 computer laser optical disc (4 3/4 in.)
504 ## - BIBLIOGRAPHY, ETC. NOTE
Bibliography, etc Includes bibliographical references.
650 #0 - SUBJECT ADDED ENTRY--TOPICAL TERM
Topical term or geographic name as entry element Microscopy
General subdivision Data processing.
9 (RLIN) 17629
650 #0 - SUBJECT ADDED ENTRY--TOPICAL TERM
Topical term or geographic name as entry element Microscopes.
9 (RLIN) 17630
856 41 - ELECTRONIC LOCATION AND ACCESS
Materials specified Table of contents
Uniform Resource Identifier <a href="http://www.loc.gov/catdir/toc/els033/99061700.html">http://www.loc.gov/catdir/toc/els033/99061700.html</a>
856 42 - ELECTRONIC LOCATION AND ACCESS
Materials specified Publisher description
Uniform Resource Identifier <a href="http://www.loc.gov/catdir/description/els033/99061700.html">http://www.loc.gov/catdir/description/els033/99061700.html</a>
906 ## - LOCAL DATA ELEMENT F, LDF (RLIN)
a 7
b cbc
c orignew
d 2
e opcn
f 19
g y-gencatlg
942 ## - ADDED ENTRY ELEMENTS (KOHA)
Source of classification or shelving scheme Dewey Decimal Classification
Koha item type Open Shelf
Holdings
Withdrawn status Lost status Source of classification or shelving scheme Damaged status Not for loan Home library Current library Date acquired Inventory number Total Checkouts Full call number Barcode Date last seen Price effective from Koha item type
    Other/Generic Classification Scheme     MUST Main Library MUST Main Library 24/06/2024 12/36129   5o2.82 GOL 1999 2024-21047 24/06/2024 24/06/2024 Open Shelf